| 000 | 03604nam a2200541 i 4500 | ||
|---|---|---|---|
| 001 | 196533 | ||
| 003 | ES-MaACL | ||
| 005 | 20250825062705.0 | ||
| 007 | ta | ||
| 008 | 241004s1986 spca || 000 ||spa|c | ||
| 017 | _aDL M. 9399-1996 | ||
| 020 |
_a8485229940 _q(o.c.) |
||
| 020 |
_a8485229967 _q(v. 1) |
||
| 020 |
_a8485229967 _q(v. 3) |
||
| 035 | _a(ES-BaCBU).b25110901 | ||
| 035 | _a(OCoLC)807603802 | ||
| 035 | _a991000530509706706 | ||
| 040 |
_aES-BaCBU _bcat _cES-BaCBU _dES-MaACL |
||
| 245 | 0 | 3 |
_aLa Guerra Civil / _cJulio Aróstegui ... [et al.] |
| 260 |
_aMadrid : _bHistoria 16, _cDL 1986. |
||
| 300 |
_a4 números (130 p. cada uno) : _bil ; _c24 cm. |
||
| 336 |
_2rdacontent _atexto |
||
| 337 |
_2rdamedia _asin mediación |
||
| 338 |
_2rdacarrier _avolumen |
||
| 490 | 1 |
_aLa Guerra Civil ; _v1 |
|
| 490 | 1 |
_aLa Guerra Civil ; _v2 |
|
| 490 | 1 |
_aLa Guerra Civil ; _v3 |
|
| 490 | 1 |
_aLa Guerra Civil ; _v4 |
|
| 490 | 1 |
_aLa Guerra Civil ; _v5 |
|
| 490 | 1 |
_aLa Guerra Civil ; _v6 |
|
| 500 | _aCada volumen contiene cuatro números: Volumen I 1. La República: Esperanzas y decepciones 2. El frente popular 3. La conspiración contra la República 4. El 18 de julio: La sublevación, paso a paso Volumen II 5. La guerra de las columnas 6. Los dos gobiernos. Violencia y represión en las dos zonas. 7. El avance rebelde. El gobierno Largo Caballero y la Junta Técnica del Estado. 8. El impacto internacional de la guerra civil Volumen III 9. La gran batalla por Madrid (noviembre 1936 - marzo 1937) 10. Milicias y ejércitos 11. La dinámica política de las dos zonas (noviembre 1936 - mayo 1937) 12. La campaña del norte. Las contraofensivas republicanas de Brunete y Belchite. Volumen IV 13. La Iglesia y la guerra 14. Sociedad y guerra 15. La dinámica política de las dos zonas. El primer Gobierno Negrín. La España franquista 16. La economía de guerra Volumen V 17. La cultura 18. El contexto internacional en 1937 y 1938 19. De la Alhambra al Mediterráneo (enero-junio de 1938) 20. El Nuevo Estado. Del primer Gobierno de Franco a la crisis de Munich. Volumen VI 21. La batalla del Ebro. Crisis internacional: Munich. 22. La ocupación de Cataluña. El comienzo del éxodo. 23. El golpe de Casado y el final de la guerra. 24. La nueva España y la eliminación de los vencidos. | ||
| 651 | 4 |
_aEspaña- _xHistoria- _y1931-1939, II República _98283 |
|
| 655 | 7 |
_2tgfbne _aLibros ilustrados _9193653 |
|
| 700 | 1 |
_aAróstegui, Julio, _d1940- _eaut _9239029 |
|
| 830 | 3 |
_aLa Guerra Civil _v1-6 _9219298 |
|
| 852 |
_aES-MaACL _cDEPO1 _jA-15529 _hDonación: Fernando Codina Rodríguez _xEncuadernación cartoné _9204246 _pVolumen 1 |
||
| 852 |
_aES-MaACL _cDEPO1 _jA-15530 _hDonación: Fernando Codina Rodríguez _xEncuadernación cartoné _pVolumen 2 _9204248 |
||
| 852 |
_aES-MaACL _cDEPO1 _hDonación: Fernando Codina Rodríguez _xEncuadernación cartoné _pVolumen 3 _9204249 _jA-15531 |
||
| 852 |
_aES-MaACL _cDEPO1 _hDonación: Fernando Codina Rodríguez _xEncuadernación cartoné _pVolumen 4 _9204250 _jA-15532 |
||
| 852 |
_aES-MaACL _cDEPO1 _hDonación: Fernando Codina Rodríguez _xEncuadernación cartoné _pVolumen 5 _9204251 _jA-15533 |
||
| 852 |
_aES-MaACL _cDEPO1 _hDonación: Fernando Codina Rodríguez _xEncuadernación cartoné _pVolumen 6 _9204252 _jA-15534 |
||
| 903 |
_aCodina Rodríguez, Fernando _ednr _9238631 |
||
| 940 | _aUB | ||
| 942 |
_n0 _cMONOGRAFIA |
||
| 999 |
_c196533 _d196533 |
||